|
|
|
|
| LEADER |
00000nam0a2200000 4500 |
| 001 |
154884 |
| 005 |
20231101221810.0 |
| 010 |
|
|
|a 5080000619
|
| 020 |
|
|
|a RU
|b 90-13828
|
| 035 |
|
|
|a (RuTPU)RU\TPU\book\167985
|
| 035 |
|
|
|a RU\TPU\book\149071
|
| 090 |
|
|
|a 154884
|
| 100 |
|
|
|a 20090305d1988 d y0rusy5003 ca
|
| 101 |
1 |
|
|a rus
|c swe
|
| 102 |
|
|
|a RU
|
| 105 |
|
|
|a a z 000ay
|
| 200 |
1 |
|
|a Чудесное путешествие Нильса с дикими гусями
|e Сказочная повесть в свободном пересказе З. Задунайской и А. Любарской
|f С. Лагерлёф
|g худож. Л. Гакамская
|
| 210 |
|
|
|a Ленинград
|c Детская литература
|c Ленингр. отд-ние
|d 1988
|
| 215 |
|
|
|a 236,[3] с.
|c ил.
|
| 225 |
1 |
|
|a Школьная библиотека
|a Для начальной школы
|
| 333 |
|
|
|a Исключено из фонда НТБ ТПУ
|
| 700 |
|
1 |
|a Лагерлёф
|b С.
|c шведская писательница
|f 1858-1940
|g Сельма
|9 6892
|
| 702 |
|
1 |
|a Задунайская
|b З. М.
|4 010
|
| 702 |
|
1 |
|a Любарская
|b А.
|4 010
|
| 702 |
|
1 |
|a Гакамская
|b Л.
|4 440
|
| 801 |
|
0 |
|a RU
|b RuMRKP
|c 19950417
|g psbo
|
| 801 |
|
1 |
|a RU
|b 63413507
|c 20080513
|g PSBO
|
| 801 |
|
2 |
|a RU
|b 63413507
|c 20220623
|g PSBO
|
| 942 |
|
|
|c BK
|